Statistics for Solve Five Secret Countries by Continent #3

Click here to take the quiz!

General Stats

  • This quiz has been taken 576 times
  • The average score is 21 of 31

Answer Stats

ScrambleContinentScrambleCountry% Correct
AINPSAfricaAEGIINRNigeria
99%
FIIJEuropeAINPSSpain
96%
AADILNSWZOceaniaFIIJFiji
96%
AEGMNRYAfricaAADILNSWZSwaziland
92%
AALPUEuropeAEGMNRYGermany
92%
ADEE ECPRVAOceaniaAALPUPalau
91%
AACDEIMNORAfricaADEE ECPRVCape Verde
83%
ADHNO SSTUUOceaniaABIIIKRTKiribati
79%
ABIIIKRTEuropeAACDEIMNOMacedonia
78%
AABEGI-INSSUUOceaniaAAAILRSTUAustralia
71%
AACCIIN TTVYAfricaADHNO SSTUUSouth Sudan
70%
AAAILRSTUUEuropeAACCIIN TTVYVatican City
67%
DDEGII KMNNOTUAfricaAABEGI-INSSUUGuinea-Bissau
67%
ABIILOVNorth AmericaAAACDNCanada
65%
AAIKNPSTISouth AmericaABILRZBrazil
64%
AADHILNTSouth AmericaABIILOVBolivia
64%
AAACDNAsiaAAIKNPSTPakistan
63%
ABILRZNorth AmericaCEIMOXMexico
62%
AAABEIJNRZSouth AmericaAGRUUUYUruguay
61%
CEIMOXGAsiaACHINChina
60%
AAAELMGTUAsiaAAABEIJNRZAzerbaijan
59%
ACHINOceaniaADILLMN NOOOSSSSolomon Islands
58%
ABCILMOOBNorth AmericaAAAELMGTUGuatemala
57%
ADHNORSUAsiaAADHILNTThailand
57%
AEHKN OORRTSouth AmericaABCILMOOColombia
57%
AGRUUUYNorth AmericaADHNORSUHonduras
56%
ADILLMN NOOOSSSEuropeDDEGII KMNNOTUUnited Kingdom
56%
AACII LNSTUAAsiaAEHKN OORRTNorth Korea
50%
LSouth AmericaAAAGRPUYParaguay
47%
AAAGRPUYNorth AmericaAACII LNSTUSaint Lucia
40%
BULGARIA
34%

Score Distribution

Percentile by Number Answered

Percent of People with Each Score

Your Score History

You have not taken this quiz